Tuyển tập văn học dân gian Việt Nam
Gespeichert in:
| Körperschaften: | , |
|---|---|
| Format: | Buch |
| Sprache: | Undetermined |
| Veröffentlicht: |
Hà Nội
Giáo Dục
1999
|
| Schlagworte: | |
| Tags: |
Tag hinzufügen
Keine Tags, Fügen Sie den ersten Tag hinzu!
|
| Thư viện lưu trữ: | Trung tâm Học liệu Trường Đại học Cần Thơ |
|---|
| LEADER | 00702nam a2200205Ia 4500 | ||
|---|---|---|---|
| 001 | CTU_37046 | ||
| 008 | 210402s9999 xx 000 0 und d | ||
| 020 | |c 118000 | ||
| 082 | |a 398.209597 | ||
| 082 | |b V305/T.4-Q.2 | ||
| 110 | |a Trung tâm Khoa học Xã hội và Nhân văn Quốc gia | ||
| 110 | |b Viện Văn Học | ||
| 245 | 0 | |a Tuyển tập văn học dân gian Việt Nam | |
| 245 | 0 | |c Trung tâm Khoa học Xã hội và Nhân văn Quốc gia. Viện Văn Học | |
| 260 | |a Hà Nội | ||
| 260 | |b Giáo Dục | ||
| 260 | |c 1999 | ||
| 650 | |a Folk literature, Vietnamese | ||
| 904 | |i Minh | ||
| 980 | |a Trung tâm Học liệu Trường Đại học Cần Thơ | ||